000 00271nam a2200109Ia 4500
008 201217s9999 xx 000 0 und d
100 _aNational Productivity Council
245 0 _aCost Reduction
260 _aNew Delhi
_bNational Ports Council
300 _a65
942 _cBK
999 _c7820
_d7820